000 00327nam a2200121Ia 4500
008 190722s9999 xx 000 0 und d
020 _a978-1-59693-410-8
100 _aKaushal Rege Igor
245 0 _aMethods in Bioengineering Nanoscale Bioengineering
260 _aLondon
_bArtech House
_c2009
300 _a350
942 _cBK
999 _c1109
_d1109